00495nam a2200157Ia 4500008004100000020001400041082001400055100002500069245007000094250000700164260004500171300003100216500001900247600002100266650005000287240925s9999 xx 000 0 und d a137822693 a006.3 STA aStaugaard, Andrew C. 0aRobotics and AI: an interoduction to applied machine intelligence aNA aNew Jersey:bPrintice- Hall Int.c,1987. axviii,1020p.bNAfOriginal aIncludes Index aComputer Science aComputer science, information & general works